<?xml version="1.0" encoding="UTF-8"?>
<collection xmlns="http://www.loc.gov/MARC21/slim">
  <record>
    <leader>00000nam  2200000   4500</leader>
    <controlfield tag="001">INLIS000000000008893</controlfield>
    <controlfield tag="005">20200626100945</controlfield>
    <datafield tag="035" ind1="#" ind2="#">
      <subfield code="a">0010-0620000179</subfield>
    </datafield>
    <controlfield tag="007">ta</controlfield>
    <controlfield tag="008">200626################g##########0#ind##</controlfield>
    <datafield tag="082" ind1="#" ind2="#">
      <subfield code="a">307.759 81</subfield>
    </datafield>
    <datafield tag="084" ind1="#" ind2="#">
      <subfield code="a">307.759 81 Sum s</subfield>
    </datafield>
    <datafield tag="100" ind1=" " ind2="#">
      <subfield code="a">Purna, I Made</subfield>
    </datafield>
    <datafield tag="245" ind1="1" ind2="#">
      <subfield code="a">Sistem Pemerintahan Tradisional di Bali /</subfield>
      <subfield code="c">I Made Purna</subfield>
    </datafield>
    <datafield tag="250" ind1="#" ind2="#">
      <subfield code="a">Cet.1</subfield>
    </datafield>
    <datafield tag="260" ind1="#" ind2="#">
      <subfield code="a">Jakarta :</subfield>
      <subfield code="b">Dirjen Kebudayaan Depdikbud,</subfield>
      <subfield code="c">1997</subfield>
    </datafield>
    <datafield tag="300" ind1="#" ind2="#">
      <subfield code="a">iv,86 hal. :</subfield>
      <subfield code="b">ilus ;</subfield>
      <subfield code="c">21 cm</subfield>
    </datafield>
    <datafield tag="650" ind1="#" ind2="#">
      <subfield code="a">Kebudayaan, desa</subfield>
    </datafield>
    <datafield tag="700" ind1=" " ind2="#">
      <subfield code="a">Astuti, Renggo</subfield>
    </datafield>
    <datafield tag="700" ind1=" " ind2="#">
      <subfield code="a">Sunjata, Wahjudi Pantja</subfield>
    </datafield>
    <datafield tag="520" ind1="#" ind2="#">
      <subfield code="a">Pengenalan dan identifikasi terhadap hasil budaya merupakan suatu usaha yang sangat berharga sehingga perlu dijalankan secara terus menerus. Hal ini nenunjang kebudayaan nasional dalam rangka memperkuat identitas dan kesatuan nasional. Usaha ini juga bertujuan untuk meningkatkan penghayatan masyarakat terutama generasi muda terhadap warisan budaya. Buku ini merupakan hasil penelitian dari tim Direjen Kebudayaan Depdikbud tentang Sistem Pemerintahan Tradisional di Bali.</subfield>
    </datafield>
    <datafield tag="856" ind1="#" ind2="#">
      <subfield code="a">Perpustakaan Lembaga Administrasi Negara</subfield>
    </datafield>
    <datafield tag="990" ind1="#" ind2="#">
      <subfield code="a">98043085</subfield>
    </datafield>
  </record>
</collection>
